| 000 | 00851nam a2200277 i 4500 | ||
|---|---|---|---|
| 003 | DO-SdBNP | ||
| 005 | 20241018140342.0 | ||
| 007 | ta | ||
| 008 | 241018s2008 xxu 001 0 spa d | ||
| 020 | _a9789945404463 | ||
| 040 |
_aDO-SdBNP _bspa _cBNPHU _erda |
||
| 082 |
_a615.5 _bM478 _222 |
||
| 100 | 1 |
_4aut. _aMcTaggart, Lynne. _eautora _986729 |
|
| 245 | 1 | 4 |
_aThe field : _bthe quest for the secret force of the universe / _cLynne McTaggart. |
| 250 | _a1a. edición | ||
| 264 | 1 |
_aNew York, NY : _bHarperCollins, _c2008. |
|
| 300 |
_axxx, 268 páginas, _c21 cm. |
||
| 336 |
_2rdacontent _atexto _btxt |
||
| 337 |
_2rdamedia _asin mediación _bn |
||
| 338 |
_2rdacarrier _avolumen _bnc |
||
| 500 | _aIncluye índice. | ||
| 504 | _aBibliografía p: 247-264. | ||
| 590 | _aInventariado, 2024/ YL | ||
| 910 | _aYLockward | ||
| 942 |
_2ddc _cLBS1 |
||
| 999 |
_c57917 _d57917 |
||